000 00652nam a22002417a 4500
003 UA-OsUOA
001 20845
007 ta
008 20031105b un ||||| |||| 00| 0 ukr d
100 _aЗамлинский В.
090 _a94 (477).042
_bЗ-26
942 _cBK
040 _aUA-OsUOA
_brus
_cUA-OsUOA
_dUA-OsUOA
245 _aБогдан Хмельницкий
300 _a335 с.
_bІлюстрації
955 _a2
041 _arus
080 _a94 (477).042
260 _aМ.
_bМолодая гвардия
_c1989
044 _aRU
650 7 _a9 Географія. Біографії. Історія
_2UDC
999 _c307030
_d307030